000 00579nam a2200181 4500
999 _c5640
_d5640
008 161115b xxu||||| |||| 00| 0 eng d
020 _a978-971-9905-99-8
082 _22015
_aDFil 170
_bC32u
100 _917299
_aCebreros, Nazario L.
245 _aUniversal ethics and contemporary values/
_cNazario L. Cebreros
260 _aManila:
_bMindshapers Co., Inc.,
_cc2015.
300 _aiii, 126 pages:
_billustrations;
_c23 cm.
500 _aIncludes bibliographical references.
650 0 _917305
_aEthics
650 0 _917306
_aValues
365 _b300.00
_cPhp
942 _2ddc
_cDFIL